000 01248cam a2200337 a 4500
001 14983676
003 LC
005 20160314101620.0
008 070828s2008 nyu 000 1 eng
010 _a 2007035721
020 _a9780743496742
020 _a0743496744
040 _aDLC
_cDLC
_dDLC
050 0 0 _aPS 3566 .I372
_b.P599 2008
082 0 0 _aFIC
_bP58c 2008
100 1 _aPicoult, Jodi,
_d1966-
_919735
245 1 0 _aChange of heart /
_cJodi Picoult.
250 _a1st Atria Books hardcover ed.
260 _aNew York, NY :
_bAtria Books,
_cc2008.
300 _a447 p. :
_c25 cm.
650 0 _aMurderers
_vFiction.
_919736
650 0 _aTransplantation of organs, tissues, etc.
_vFiction.
_919737
650 0 _aRepentance
_vFiction.
_919738
856 4 2 _3Publisher description
_uhttp://www.loc.gov/catdir/enhancements/fy0804/2007035721-d.html
856 4 1 _3Sample text
_uhttp://www.loc.gov/catdir/enhancements/fy0808/2007035721-s.html
856 4 2 _3Contributor biographical information
_uhttp://www.loc.gov/catdir/enhancements/fy0901/2007035721-b.html
906 _a7
_bcbc
_corignew
_d1
_eecip
_f20
_gy-gencatlg
942 _2lcc
_cBK
999 _c11299
_d11299